[Event "Popayan Yeika op 1st"]
[Site "Popayan"]
[Date "2024.10.14"]
[Round "6"]
[White "Pitre Prieto, Carlos Ernesto"]
[Black "Ardila Quimbayo, Juan Jose"]
[Result "1/2-1/2"]
[WhiteElo "1578"]
[BlackElo "1587"]
[PlyCount "62"]
[EventDate "2024.10.11"]
[EventType "swiss"]
[EventRounds "7"]
[EventCountry "COL"]
[SourceTitle "CB43_2024"]
[Source "Chessbase"]
[SourceDate "2024.10.23"]
[SourceVersion "1"]
[SourceVersionDate "2024.10.23"]
[SourceQuality "1"]

1. d4 Nf6 2. c4 g6 3. Nf3 Bg7 4. g3 0-0 5. Bg2 d6 6. Nc3 Nbd7 7. 0-0 Re8 8. h3 e5 9. dxe5 dxe5 10. Qc2 Qe7 11. Be3 Nb6 12. c5 Nc4 13. Nd5 Nxd5 14. Qxc4 Nxe3 15. fxe3 Be6 16. Qb4 Bh6 17. Qc3 Bg7 18. e4 Bd7 19. Rad1 Bc6 20. Nh4 Bf6 21. Qf3 Bxh4 22. gxh4 Qxc5+ 23. Kh1 Rf8 24. Qf6 h5 25. Rf5 gxf5 26. Qg5+ Kh8 27. Qxh5+ Kg7 28. Qg5+ Kh8 29. Qh6+ Kg8 30. Rg1 Qxg1+ 31. Kxg1 f6 1/2-1/2

[Event "Medellin Castro Memorial op-B 31st"]
[Site "Medellin"]
[Date "2024.08.08"]
[Round "2"]
[White "Morales, Luis Eduardo"]
[Black "Ardila Quimbayo, Juan Jose"]
[Result "1-0"]
[WhiteElo "1721"]
[BlackElo "1580"]
[PlyCount "23"]
[EventDate "2024.08.07"]
[EventType "swiss"]
[EventRounds "9"]
[EventCountry "COL"]
[SourceTitle "CBM 221 Extra"]
[Source "ChessBase"]
[SourceDate "2024.09.30"]
[SourceVersion "1"]
[SourceVersionDate "2024.09.30"]
[SourceQuality "1"]

1. e4 c6 2. d4 d5 3. e5 Bf5 4. g4 Bg6 5. h4 h5 6. g5 e6 7. Nh3 Nd7 8. Nf4 Ne7 9. Nxg6 Nxg6 10. Be2 c5 11. c3 c4 12. Bxh5 1-0